Hệ thống kế toán doanh nghiệp xây lắp /

Gardado en:
Detalles Bibliográficos
Autor Principal: Không rõ
Formato: Libro
Idioma:Vietnamese
Publicado: XD 1999
Các nhãn: Engadir etiqueta
Sen Etiquetas, Sexa o primeiro en etiquetar este rexistro!
Thư viện lưu trữ: Mạng thư viện Đại học Đà Nẵng
LEADER 00671nam a2200265 4500
001 000027468
003 HÊ-TO
005 20150403120000.0
008 150403s vm 000 vie
020 |c 0,0000 
040 |a notts 
100 |a Không rõ 
245 |a Hệ thống kế toán doanh nghiệp xây lắp /  |c Phùng Thị Đoan, Lê Thị Hoà, Vũ Thị Loan,.. biên tập. 
260 |b XD  |c 1999 
OWN |a LTT 
999 |a From the UDN01 
TYP |a Monograph 
TYP |a Printed language 
980 |a Mạng thư viện Đại học Đà Nẵng